书目信息 |
| 题名: |
实用板金工展开手册
|
|
| 作者: | 唐顺钦 著 | |
| 分册: | ||
| 出版信息: | 北京 冶金工业出版社 1976.05 |
|
| 页数: | 928页 | |
| 开本: | 20cm | |
| 丛书名: | ||
| 单 册: | ||
| 中图分类: | T-62 | |
| 科图分类: | ||
| 主题词: | 工程技术人员--手册 , 工程技术手册 | |
| 电子资源: | ||
| ISBN: | ||
| 000 | 00588nam0 2200217 45 | |
| 001 | 0312221749 | |
| 005 | 20061124091021.01 | |
| 010 | @dCNY2.60 | |
| 091 | @a15062.3153 | |
| 100 | @a20031222d1976 km y0chiy0120 ea | |
| 101 | @achi | |
| 200 | 1 | @a实用板金工展开手册@AShi Yong Ban Jin Gong Zhan Kai Shou Ce@f唐顺钦著@FTang Shun Qin Zhu |
| 205 | @a2版 | |
| 210 | @a北京@c冶金工业出版社@d1976.05 | |
| 215 | @a928页@d20cm | |
| 606 | 0 | @a工程技术人员@x手册 |
| 606 | 0 | @a工程技术手册 |
| 690 | @aT-62@v3 | |
| 701 | 0 | @a唐顺钦@4著 |
| 801 | @aCN@bTSTCL@c20061124 | |
| 905 | @a213230@dT-62@e10=2 | |
| 实用板金工展开手册/唐顺钦著.-2版.-北京:冶金工业出版社,1976.05 |
| 928页;20cm |
| ISBN :CNY2.60 |
| ● |
| 相关链接 |
|
|
|
|
正题名:实用板金工展开手册
索取号:T-62/10=2
 
预约/预借
| 序号 | 登录号 | 条形码 | 馆藏地/架位号 | 状态 | 备注 |
| 1 | 0158456 | 000882352 | 第二样本阅览室/ [索取号:T-62/10=2] | 在馆 |